Statistics for Leave a light on - Tom Walker

Click here to take the quiz!

General Stats

  • This quiz has been taken 35 times
  • The average score is 200 of 295

Answer Stats

Answer% Correct
I
100%
leave
100%
light
100%
on
100%
The
100%
the
100%
a
94%
will
94%
you
94%
all
89%
me
89%
feel
83%
If
83%
if
83%
to
83%
To
83%
up
83%
where
83%
your
83%
hill
78%
house
78%
place
78%
second
78%
lighthouse
72%
like
72%
were
72%
And
67%
and
67%
be
67%
could
67%
distance
67%
go
67%
Guiding
67%
know
67%
look
67%
mentioned
67%
someone
67%
there's
67%
upon
67%
don't
61%
Don't
61%
grace
61%
home
61%
into
61%
Now
61%
alone
56%
are
56%
come
56%
drugs
56%
friend
56%
it's
56%
Just
56%
lose
56%
lost
56%
Safe
56%
trouble
56%
veins
56%
you'll
56%
another
50%
hold
50%
keep
50%
let
50%
through
50%
way
50%
won't
50%
cigarettes
44%
stop
44%
These
44%
you've
44%
but
39%
But
39%
cause
39%
coursing
39%
mistakes
39%
refuse
39%
wondering
39%
for
33%
from
33%
got
33%
our
33%
phone
33%
been
28%
hide
28%
I'll
28%
left
28%
made
28%
we've
28%
alright
22%
at
22%
carry
22%
darker
22%
had
22%
searching
22%
sparking
22%
Tell
22%
that's
22%
unanswered
22%
what's
22%
abusing
17%
Lately
17%
make
17%
mind
17%
this
17%
us
17%
called
11%
Hiding
11%
oh
11%
robbed
11%
see
11%
truth
11%
brave
6%
happening
6%
need
6%
okay
6%
pain
6%
ain't
0%
gonna
0%

Score Distribution

Percentile by Number Answered

Percent of People with Each Score

Your Score History

You have not taken this quiz